Southville International School and Colleges
Your cart is empty.
  • Cart
  • Lists
    Public lists Eva Luna New books Lux_list list_1
    Your lists Log in to create your own lists
  • Log in to your account
  • Your cookies
  • Search history
Southville International School and Colleges
  • Advanced search
  • Recent comments
  • Most popular
  • Libraries

Log in to your account

Log in with GOOGLE


If you do not have an external account, but do have a local account, you can still log in:

  1. Home
  2. MARC view: The Plague of the black debt :
Normal view MARC view ISBD view

The Plague of the black debt : (Record no. 19958)

[ view plain ]
MARC details
000 -LEADER
fixed length control field 00574nam a2200205 a 4500
005 - DATE AND TIME OF LATEST TRANSACTION
control field 20140310183204.0
008 - FIXED-LENGTH DATA ELEMENTS--GENERAL INFORMATION
fixed length control field 030204s19uu xx 00 eng d
050 ## - LIBRARY OF CONGRESS CALL NUMBER
Classification number HC 106.8
Item number .D367 1993
100 ## - MAIN ENTRY--PERSONAL NAME
Personal name Davidson, James Dale
245 ## - TITLE STATEMENT
Title The Plague of the black debt :
Remainder of title how to survive the coming depression /
Statement of responsibility, etc James Dale Davidson.
300 ## - PHYSICAL DESCRIPTION
Extent 114 p. :
Dimensions 18 cm.
521 ## - TARGET AUDIENCE NOTE
Target audience note
650 ## - SUBJECT ADDED ENTRY--TOPICAL TERM
Topical term or geographic name as entry element Economic forecasting
650 ## - SUBJECT ADDED ENTRY--TOPICAL TERM
Topical term or geographic name as entry element Investments
650 ## - SUBJECT ADDED ENTRY--TOPICAL TERM
Topical term or geographic name as entry element Depression
650 ## - SUBJECT ADDED ENTRY--TOPICAL TERM
Topical term or geographic name as entry element Financial security
942 ## - ADDED ENTRY ELEMENTS (KOHA)
Koha item type Books
Source of classification or shelving scheme Library of Congress Classification
Call number prefix Foreign
Holdings
Withdrawn status Lost status Source of classification or shelving scheme Damaged status Home library Current library Shelving location Date acquired Total Checkouts Full call number Barcode Date last seen Copy number Price effective from Koha item type
    Library of Congress Classification   College Library College Library General Circulation Section 05/16/2011   HC 106.8 .D367 1993 C1642 05/15/2018 1 10/10/2013 Books
    Library of Congress Classification   College Library College Library General Circulation Section 01/17/2014   HC 106.8 .D367 1993 C1696 05/15/2018 2 01/17/2014 Books

The Plague of the black debt :

APA

Davidson J. D., .The Plague of the black debt. : .

Chicago

Davidson James Dale, .The Plague of the black debt. : .

Harvard

Davidson J. D., .The Plague of the black debt. : .

MLA

Davidson James Dale, .: . .

  • Place hold
  • Print
  • Cite
  • Add to your cart (remove)
  • Save record
    BIBTEX Dublin Core MARCXML MARC (non-Unicode/MARC-8) MARC (Unicode/UTF-8) MARC (Unicode/UTF-8, Standard) MODS (XML) RIS
  • More searches
    Search for this title in:
    Other Libraries (WorldCat) Other Databases (Google Scholar) Online Stores (Bookfinder.com) Open Library (openlibrary.org)

Exporting to Dublin Core...

SOUTHVILLE LIBRARY

Southville International School and Colleges Library

1281 Tropical Ave. Cor. Luxembourg St., BF Homes International, Las Pinas City

Tel. No. 8256374 / 252358 Loc. 117/146

Powered by Koha